000 01050nam0a22003011 4500
001 v19\rc\2032681
005 20251118181535.4
035 _a(NLR Aleph) 005111539
090 _a7498578
_c7498578
100 _a20080925d1917 u y0rusy50 ca
101 0 _arus
102 _aRU
105 _ay z |||||
200 1 _aНовый кооперативный закон и ближайшие задачи русской кооперации
_fА.Н. Анцыферов
210 _aМосква
_cНар. свобода
_d1917
215 _a22 с.
_d18
532 1 3 _aНовый кооперативный закон и ближайшие задачи русской кооперации
700 1 _aАнцыферов
_bА.Н.
_f1867-1943
_gАлексей Николаевич
801 0 _aRU
_bNLR
_gpsbo
801 0 _aRU
_bRuMoRGB
_2psbo
801 1 _aRU
_bProSoft-M
_2rusmarc
852 _aNLR
_j40.11.7.126
899 _aRuMoRGB
_jV 112/3181
899 _aRuMoRGB
_jU 281/1246
899 _aГПИБ
942 _cBOOK
980 _aNB